Communication and participatory development : (Record no. 18284)
[ view plain ]
| 000 -LEADER | |
|---|---|
| fixed length control field | 00712nam a22002177a 4500 |
| 003 - CONTROL NUMBER IDENTIFIER | |
| control field | DEla salle |
| 005 - DATE AND TIME OF LATEST TRANSACTION | |
| control field | 20140310183014.0 |
| 008 - FIXED-LENGTH DATA ELEMENTS--GENERAL INFORMATION | |
| fixed length control field | 130212t xxu||||| |||| 00| 0 eng d |
| 020 ## - INTERNATIONAL STANDARD BOOK NUMBER | |
| International Standard Book Number | 9715470424 |
| 050 ## - LIBRARY OF CONGRESS CALL NUMBER | |
| Classification number | HN 49 C6 |
| Item number | C3 1994 |
| 082 ## - DEWEY DECIMAL CLASSIFICATION NUMBER | |
| Classification number | HN 49 C6 |
| Item number | C3 1994 |
| 100 ## - MAIN ENTRY--PERSONAL NAME | |
| Personal name | Cadiz, Maria Celeste Habito |
| 245 ## - TITLE STATEMENT | |
| Title | Communication and participatory development : |
| Remainder of title | a review of concepts, approaches and lessons / |
| Statement of responsibility, etc | Maria Celeste Habito-Cadiz |
| 260 ## - PUBLICATION, DISTRIBUTION, ETC. (IMPRINT) | |
| Place of publication, distribution, etc | Laguna : |
| Name of publisher, distributor, etc | CA Publications Program, University of the Philippines Los Banos, |
| Date of publication, distribution, etc | 1994. |
| 300 ## - PHYSICAL DESCRIPTION | |
| Extent | xiv, 50 p. : |
| Dimensions | 23 cm. |
| 521 ## - TARGET AUDIENCE NOTE | |
| Target audience note | |
| 650 ## - SUBJECT ADDED ENTRY--TOPICAL TERM | |
| Topical term or geographic name as entry element | Communication Development |
| 942 ## - ADDED ENTRY ELEMENTS (KOHA) | |
| Source of classification or shelving scheme | Library of Congress Classification |
| Koha item type | Books |
| Call number prefix | Local |
| Withdrawn status | Lost status | Source of classification or shelving scheme | Damaged status | Home library | Current library | Shelving location | Date acquired | Source of acquisition | Cost, normal purchase price | Total Checkouts | Full call number | Barcode | Date last seen | Copy number | Price effective from | Koha item type |
|---|---|---|---|---|---|---|---|---|---|---|---|---|---|---|---|---|
| Library of Congress Classification | College Library | College Library | General Circulation Section | 08/24/2010 | 42.00 | HN 49.C6 .C3 1994 | C5012 | 05/15/2018 | 1 | 10/10/2013 | Books | |||||
| Library of Congress Classification | College Library | College Library | General Circulation Section | 11/12/2013 | 42.00 | HN 49.C6 .C3 1994 | C4981 | 05/15/2018 | 2 | 11/12/2013 | Books |